00317nam a22000977a 4500082001200000100001800012245007300030260004100103650004100144700003400185 a200 THE aAwais Rafique aTH-SOF-1235-Development of Middleware for Embedded Network Framework aIslamabadbNUST College of EMEc2016 aMS-COMPUTER ENGINEERING-77 MSTHESIS aSupervisor Dr. Shoab A.Khan